El laboratorio del paciente crítico / (Registro nro. 2142)

Detalles MARC
000 -LEADER
fixed length control field 01308nam a2200373 a 4500
005 - FECHA ULTIMA MODIFICACION
control field 20240503114051.0
008 - CAMPO DE CONTROL (LIBRO)
fixed length control field 100317t2013||||sp a f |||| 001 0 spa d
020 ## - INTERNATIONAL STANDARD BOOK NUMBER
ISBN 9789871860098
041 ## - CODIGO DE IDIOMA
Código de idioma del texto/pista de sonido o título separado spa
092 ## - SIGNATURA TOPOGRAFICA DEWEY LOCAL
número de clasificación 616.075
libristica 15
sección DAN
100 1# - ENTRADA PRINCIPAL--NOMBRE PERSONAL
Nombre personal D'Annunzio, Angel
9 (RLIN) 3707
245 #3 - TITULO PROPIAMENTE DICHO
Título El laboratorio del paciente crítico /
Mención de responsabilidad y remanente de la transcripción de la portada Angel D'Annunzio
250 ## - MENCION DE EDICION
Mención de edición 2a ed.
260 ## - PIE DE IMPRENTA
Lugar de publicación, distribución, etc Buenos Aires:
Nombre de la editorial, distribuidor, etc Corpus;
Fecha de publicación 2013.
300 ## - DESCRIPCION FISICA
Extension 186 p.
500 ## - NOTA GENERAL
Nota general D'Annunzio, A. (2013). El laboratorio del paciente crítico. (2a ed.). Buenos Aires : Corpus.
653 ## - TÉRMINO INDIZADO - PALABRAS CLAVES
Palabra clave Inflamación
653 ## - TÉRMINO INDIZADO - PALABRAS CLAVES
Palabra clave Sepsis
653 ## - TÉRMINO INDIZADO - PALABRAS CLAVES
Palabra clave Daño endotelial
653 ## - TÉRMINO INDIZADO - PALABRAS CLAVES
Palabra clave Síndrome de disfunción orgániza múltiple
653 ## - TÉRMINO INDIZADO - PALABRAS CLAVES
Palabra clave Claves para el diagnóstico e interpretación del ácido base
653 ## - TÉRMINO INDIZADO - PALABRAS CLAVES
Palabra clave Evaluación fisico-matemática de las alteraciones del equilibrio ácido base (EAB)
653 ## - TÉRMINO INDIZADO - PALABRAS CLAVES
Palabra clave Shock
653 ## - TÉRMINO INDIZADO - PALABRAS CLAVES
Palabra clave Síndrome de lisis tumoral
653 ## - TÉRMINO INDIZADO - PALABRAS CLAVES
Palabra clave Electrolitos
653 ## - TÉRMINO INDIZADO - PALABRAS CLAVES
Palabra clave Transtornos endocrinos en UTI
653 ## - TÉRMINO INDIZADO - PALABRAS CLAVES
Palabra clave Síndrome coronario agudo
653 ## - TÉRMINO INDIZADO - PALABRAS CLAVES
Palabra clave Líquidos de punción en el laboratorio de urgencia
653 ## - TÉRMINO INDIZADO - PALABRAS CLAVES
Palabra clave Embarazo en UTI
653 ## - TÉRMINO INDIZADO - PALABRAS CLAVES
Palabra clave Aborto séptico
653 ## - TÉRMINO INDIZADO - PALABRAS CLAVES
Palabra clave Nutrición en UTI
653 ## - TÉRMINO INDIZADO - PALABRAS CLAVES
Palabra clave Síndrome de shock torácico. Anafilaxia. Tormenta tiroidea.
942 ## - ADDED ENTRY ELEMENTS (KOHA)
Source of classification or shelving scheme Dewey Decimal Classification
Item type Libros
Existencias
Estado de retiro Existencia Fuente de clasificación Estado general No para prestamo Colección Ubicación permanente ubicación actual Sala de ubicación Fecha de adquisición Costo, precio normal de compra Total Checkouts Número de clasificación Código de barras Date last seen Número de ejemplar Price effective from Koha tipo de elemento (item) Public note
    Dewey Decimal Classification     Reference Biblioteca Medicina Biblioteca Medicina Referencia 06/02/2015 128.00   616.075 15 DAN 3453 06/02/2015 Ej.1 06/02/2015 Reference LIBRO DE CONSULTA. ENERO 2015
    Dewey Decimal Classification       Biblioteca Medicina Biblioteca Medicina Circulación 06/02/2015 128.00   616.075 15 DAN 3454 06/02/2015 Ej.2 06/02/2015 Libros COMPRA ENERO 2015
    Dewey Decimal Classification       Biblioteca Medicina Biblioteca Medicina Circulación 06/02/2015 128.00   616.075 15 DAN 3457 06/02/2015 Ej.3 06/02/2015 Libros COMPRA ENERO 2015

UNIVERSIDAD NACIONAL DEL COMAHUE
Biblioteca de la Facultad de Ciencias Médicas
Sede Toschi: Los Arrayanes y Av. Toschi, Cipolletti  - Rio Negro
Sede Los Tordos:  Yrigoyen al 2211, Cipolletti - Rio Negro 

Teléfono: 0299 - 4774707 int 25
Contacto: biblioteca@facimed.uncoma.edu.ar
© 2011 - 2026